000 00675nam a2200229Ia 4500
003 OSt
005 20221005133738.0
006 a|||||r|||| 00| 0
007 ta
008 221004b |||||||| |||| 00| 0 pan d
024 _a63368
037 _cTextual
040 _aCRL
_cCRL
_bpan
041 _2pan
_apan
082 _aO153,3xN7, M1
100 _aਅਮਨ, ਅਮਰੀਕ ਸਿੰਘ, ਂਚ.
_9159425
245 0 _aਚਿੱੜੀਆਂ ਦਾ ਚੰਬਾ
260 _c1981
650 _aਪੰਜਾਬੀ ਸਾਹਿਤ
942 _hO153,3xN7, M1
_cTEXL
_2cc
999 _c1067765
_d1067765